[Event "Montpellier op-A"]
[Site "Montpellier"]
[Date "1998.??.??"]
[Round "1"]
[White "Gachon, Lionel"]
[Black "Ricart, Hubert"]
[Result "0-1"]
[WhiteElo "2315"]
[BlackElo "2110"]
[PlyCount "54"]
[EventDate "1998.07.??"]
[EventType "swiss"]
[EventRounds "9"]
[EventCountry "FRA"]
[SourceTitle "EXT 2000"]
[Source "ChessBase"]
[SourceDate "1999.11.16"]
[SourceVersion "1"]
[SourceVersionDate "1999.11.16"]
[SourceQuality "1"]

1. e4 c5 2. Nf3 d6 3. d4 cxd4 4. Nxd4 Nf6 5. Nc3 g6 6. Be3 Bg7 7. f3 0-0 8. Qd2 Nc6 9. 0-0-0 d5 10. Kb1 e6 11. Bb5 Bd7 12. exd5 Nxd5 13. Nxd5 exd5 14. Bxc6 bxc6 15. Nb3 a5 16. Nc5 Bf5 17. g4 Be6 18. Bd4 Rb8 19. c3 Bxd4 20. Qxd4 Qh4 21. h3 Rfe8 22. a4 f6 23. f4 Bc8 24. Rd2 Bxg4 25. hxg4 Qxh1+ 26. Ka2 Re1 27. Nb3 Re4 0-1